000 01810cam a2200433 a 4500
001 13338428
003 OSt
005 20140310184411.0
008 030910s2004 nyua c 000 0beng
010 _a 2003020085
020 _a9780439738910
040 _aDLC
_cDLC
_dDLC
042 _alcac
043 _an-us---
050 0 0 _aPS 3232
_b.K47 2005
100 1 _aKerley, Barbara.
_926188
245 1 0 _aWalt Whitman :
_bwords for America /
_cby Barbara Kerley ; illustrated by Brian Selznick.
250 _a1st ed.
260 _aNew York :
_bScholastic Press,
_c2005
300 _bcol. ill. ;
_c31 cm.
520 _aA biography of the American poet whose compassion led him to nurse soldiers during the Civil War, to give voice to the nation's grief at Lincoln's assassination, and to capture the true American spirit in verse.
521 _aG8
526 _c970
562 _e1
600 1 0 _aWhitman, Walt,
_d1819-1892
_vJuvenile literature.
_926189
600 1 1 _aWhitman, Walt,
_d1819-1892.
_926190
650 0 _aPoets, American
_y19th century
_vBiography
_vJuvenile literature.
_926191
650 0 _aNurses
_zUnited States
_vBiography
_vJuvenile literature.
_926192
650 1 _aPoets, American.
_926193
650 1 _aNurses.
_926194
651 0 _aUnited States
_xHistory
_yCivil War, 1861-1865
_xMedical care
_vJuvenile literature.
_926195
651 1 _aUnited States
_xHistory
_yCivil War, 1861-1865.
_926196
700 1 _aSelznick, Brian,
_eill.
_926197
856 4 2 _3Publisher description
_uhttp://www.loc.gov/catdir/description/schol051/2003020085.html
906 _a7
_bcbc
_corignew
_d1
_eecip
_f20
_gy-gencatlg
942 _2lcc
_cBK-SCHOLAS
999 _c34108
_d34108